Normal view
MARC view
Entry Topical Term
001 - CONTROL NUMBER
- control field: 590807
003 - CONTROL NUMBER IDENTIFIER
- control field:
005 - DATE AND TIME OF LATEST TRANSACTION
- control field: 20210603105852.0
008 - FIXED-LENGTH DATA ELEMENTS
- fixed length control field: 210603|| aca||aabn | a|a d
040 ## - CATALOGING SOURCE
- Original cataloging agency:
- Transcribing agency:
150 ## - HEADING--TOPICAL TERM
- Topical term or geographic name entry element: Coordinatieverbindingen
670 ## - SOURCE DATA FOUND
- Source citation: Work cat.: (): Symposium on Mossbauer Effect Methodology (4th : 1968, Jan. 28 : New York) 590804, Mossbauer effect methodology :, 1968-
